Les grands mouvements littéraires européens (notice n° 1567156)

détails MARC
000 -LEADER
fixed length control field 00875cam a2200133 4500500
005 - DATE AND TIME OF LATEST TRANSACTION
control field 20251214002556.0
041 ## - LANGUAGE CODE
Language code of text/sound track or separate title fre
042 ## - AUTHENTICATION CODE
Authentication code dc
100 10 - MAIN ENTRY--PERSONAL NAME
Personal name Claudon, Francis
Relator term author
245 00 - TITLE STATEMENT
Title Les grands mouvements littéraires européens
260 ## - PUBLICATION, DISTRIBUTION, ETC.
Name of publisher, distributor, etc. Armand Colin,<br/>
Date of publication, distribution, etc. 2008.<br/>
520 ## - SUMMARY, ETC.
Summary, etc. Le romantisme, le baroque, les Lumières ou le Moyen Âge se manifestent-ils de la même façon et à date constante dans les diverses langues et cultures européennes ?Existe-t-il des écrivains européens, soit que leur problématique et leur succès les fasse échapper à la sphère strictement nationale (Shakespeare, Hugo, Goethe), soit qu’ils aient écrit en différentes langues (Nabokov) et sous différents passeports (Kafka) ?
856 41 - ELECTRONIC LOCATION AND ACCESS
Uniform Resource Identifier <a href="https://shs.cairn.info/les-grands-mouvements-litteraires-europeens--9782200354091?lang=fr&redirect-ssocas=7080">https://shs.cairn.info/les-grands-mouvements-litteraires-europeens--9782200354091?lang=fr&redirect-ssocas=7080</a>

Pas d'exemplaire disponible.

PLUDOC

PLUDOC est la plateforme unique et centralisée de gestion des bibliothèques physiques et numériques de Guinée administré par le CEDUST. Elle est la plus grande base de données de ressources documentaires pour les Étudiants, Enseignants chercheurs et Chercheurs de Guinée.

Adresse

627 919 101/664 919 101

25 boulevard du commerce
Kaloum, Conakry, Guinée

Réseaux sociaux

Powered by Netsen Group @ 2025